[Event "DVM U14w 2013"]
[Site "Oberbernhards-Hilders GER"]
[Date "2013.12.27"]
[Round "2"]
[White "Schilay, Eva"]
[Black "Kublanov, Carolin"]
[Result "0-1"]
[Termination "normal"]
[Board "6.2"]
[WhiteElo "1232"]
[BlackElo "1492"]
[WhiteTeam "SK Neumarkt"]
[BlackTeam "SG Solingen"]
[WhiteFideId "12930164"]
[BlackFideId "12944548"]
[EventCountry "GER"]
[EventRounds "7"]
[EventType "team-swiss"]
[EventDate "2013.12.26"]

1. Nc3 e5 2. Nf3 Nc6 3. d4 exd4 4. Nxd4 Bc5 5. Nxc6 bxc6 6. Bf4 d6 7. e3 Nf6 8.
h3 O-O 9. Bc4 Be6 10. Bd3 Qe7 11. O-O Rab8 12. Rb1 Nd5 13. Nxd5 cxd5 14. Re1 d4
15. exd4 Bxd4 16. c3 Bc5 17. Qh5 g6 18. Qf3 Qf6 19. b4 Bb6 20. c4 Rbc8 21. Qg3
Rfe8 22. Bg5 Bxf2+ 23. Qxf2 Qxg5 24. Re3 Rb8 25. Rg3 Qe7 26. Qxa7 Ra8 27. Qf2
c5 28. bxc5 dxc5 29. Re1 Qc7 30. Rg5 Qa5 31. Rxc5 Qxa2 32. Qxa2 Rxa2 33. Be4
Bf5 34. Rc7 Bxe4 35. Rd7 Rxg2+ 36. Kf1 Rc2 37. Rd4 Bg2+ 38. Kg1 Rxe1+ 39. Kh2
Rh1+ 40. Kg3 Rxh3+ 41. Kg4 Kg7 42. Kg5 h6+ 43. Kf4 Rh4+ 44. Ke5 Re2+ 0-1

[Event "DVM U14w 2013"]
[Site "Oberbernhards-Hilders GER"]
[Date "2013.12.27"]
[Round "2"]
[White "Möller, Laura"]
[Black "Schilay, Maria"]
[Result "1-0"]
[Termination "normal"]
[Board "6.3"]
[WhiteElo "1145"]
[BlackElo "1090"]
[WhiteTeam "SG Solingen"]
[BlackTeam "SK Neumarkt"]
[WhiteFideId "12911720"]
[BlackFideId "12942979"]
[EventCountry "GER"]
[EventRounds "7"]
[EventType "team-swiss"]
[EventDate "2013.12.26"]

1. c4 e5 2. Nc3 Bc5 3. g3 f5 4. Bg2 d6 5. d3 Nf6 6. Nf3 Nc6 7. O-O O-O 8. e3
Qe8 9. Re1 Qg6 10. Nh4 Qh6 11. d4 Bb6 12. dxe5 dxe5 13. e4 f4 14. Nf5 Bxf5 15.
exf5 Qg5 16. Bxc6 bxc6 17. Rxe5 Rad8 18. Qf3 fxg3 19. Bxg5 gxf2+ 20. Kg2 Bd4
21. Re6 a5 22. Qg3 Nh5 23. Qxc7 Rc8 24. Qd7 h6 25. Qxd4 hxg5 26. Re5 Rc7 27.
Qg4 Nf4+ 28. Kf3 Nd3 29. Rxa5 c5 30. Qxg5 Rcf7 31. f6 Rxf6+ 32. Kg2 f1=Q+ 33.
Rxf1 Rxf1 34. Qd5+ Kh8 35. Ra8 Ne1+ 36. Kg3 Rg1+ 37. Kh3 Rxa8 38. Qxa8+ Kh7 39.
a4 g5 40. Ne2 g4+ 41. Kh4 Rg2 42. Qb7+ Kh6 43. Qc6+ Kg7 44. Qc7+ Kh6 45. Qd6+
Kg7 46. Nc3 Nf3+ 47. Kh5 Rxh2+ 48. Kxg4 Ne1 49. Qxh2 Nd3 50. a5 Nb4 51. Qc7+
Kf6 52. Qb7 Ke5 53. Nd5 Nxd5 54. Qxd5+ Kf6 55. a6 Kg6 56. a7 Kh6 57. a8=Q Kg6
58. Qg5+ Kf7 59. Qb7+ Kf8 60. Qbe7# 1-0

[Event "DVM U14w 2013"]
[Site "Oberbernhards-Hilders GER"]
[Date "2013.12.27"]
[Round "2"]
[White "Held, Fabienne"]
[Black "Kublanov, Elizabeth"]
[Result "0-1"]
[Termination "normal"]
[Board "6.4"]
[WhiteElo "882"]
[BlackElo "1332"]
[WhiteTeam "SK Neumarkt"]
[BlackTeam "SG Solingen"]
[WhiteFideId "12964670"]
[BlackFideId "12944564"]
[EventCountry "GER"]
[EventRounds "7"]
[EventType "team-swiss"]
[EventDate "2013.12.26"]

1. e4 e5 2. Nf3 Nc6 3. Nc3 Nf6 4. d4 Bb4 5. dxe5 Nxe4 6. Bd2 Nxd2 7. Qxd2 O-O
8. Bd3 Re8 9. O-O Nxe5 10. Nxe5 Rxe5 11. Qf4 Bd6 12. Qh4 Qxh4 13. h3 Rg5 14.
Rfe1 Qxh3 15. Kf1 Qxg2+ 16. Ke2 Re5+ 17. Be4 Rxe4+ 18. Nxe4 Qxe4+ 19. Kd1 Qd4+
20. Kc1 Be5 21. f4 Qxb2+ 22. Kd2 Bxf4+ 23. Ke2 Qxc2+ 24. Kf1 Bd6 25. Rad1 b6
26. Re8+ Bf8 27. Ke1 g6 28. a3 Kg7 29. Rd2 Qc1+ 30. Rd1 Qxa3 31. Kf1 Qb2 32.
Ke1 Bb4+ 33. Kf1 Ba6+ 34. Kg1 Bc5+ 35. Kh1 Bb7+ 36. Rd5 Bxd5+ 37. Re4 Bxe4# 0-1

[Event "DVM U14w 2013"]
[Site "Oberbernhards-Hilders GER"]
[Date "2013.12.27"]
[Round "2"]
[White "Mütsch, Annmarie"]
[Black "Poetsch, Leonore"]
[Result "0-1"]
[Termination "normal"]
[Board "7.1"]
[WhiteElo "1491"]
[BlackElo "1477"]
[WhiteTeam "Karlsruher SF 1853"]
[BlackTeam "SK Langen"]
[WhiteFideId "12971367"]
[BlackFideId "12940372"]
[EventCountry "GER"]
[EventRounds "7"]
[EventType "team-swiss"]
[EventDate "2013.12.26"]

1. e4 e6 2. d4 d5 3. e5 c5 4. c3 Nc6 5. Nf3 Qb6 6. a3 Nh6 7. Bxh6 gxh6 8. b4
cxd4 9. cxd4 Bd7 10. Nc3 Nxb4 11. axb4 Bxb4 12. Qd3 Rc8 13. Rc1 Qa5 14. Kd2 O-O
15. Be2 Rc7 16. Rc2 Rfc8 17. Rhc1 Ba4 18. Ra2 Rxc3 19. Rxc3 Rxc3 20. Qxc3 Bxc3+
21. Ke3 b5 22. Bd3 Qb4 23. h4 Qb3 24. Re2 b4 25. Bc2 Qa3 26. Bxa4 Qxa4 27. Nd2
Bxd2+ 28. Rxd2 Qa3+ 29. Rd3 b3 30. f4 Qa2 31. g4 b2 0-1

[Event "DVM U14w 2013"]
[Site "Oberbernhards-Hilders GER"]
[Date "2013.12.27"]
[Round "2"]
[White "Reinecke, Katharina"]
[Black "Bykov, Ilona"]
[Result "1/2-1/2"]
[Termination "normal"]
[Board "7.2"]
[WhiteElo "1583"]
[BlackElo "1200"]
[WhiteTeam "SK Langen"]
[BlackTeam "Karlsruher SF 1853"]
[WhiteFideId "12929727"]
[BlackFideId "12964433"]
[EventCountry "GER"]
[EventRounds "7"]
[EventType "team-swiss"]
[EventDate "2013.12.26"]

1. e4 e5 2. Nf3 Nc6 3. Bc4 Bc5 4. c3 Nf6 5. d3 d6 6. Nbd2 O-O 7. O-O Be6 8. Bb3
Qd7 9. h3 Rad8 10. Re1 b5 11. Nf1 a6 12. Ng3 a5 13. Nh4 d5 14. Qf3 a4 15. Bc2
d4 16. Bg5 Be7 17. Nhf5 Ne8 18. Bd2 Nd6 19. Nxe7+ Qxe7 20. Nh5 Nb7 21. Qg3 f6
22. Qf3 dxc3 23. bxc3 b4 24. Bxa4 bxc3 25. Bxc3 Qc5 26. Bxc6 Qxc6 27. Bb4 Rf7
28. Rec1 Qb5 29. a3 Rxd3 30. Qe2 Qd7 31. Rd1 Rxd1+ 32. Rxd1 Qc6 33. Ng3 Nd6 34.
Qb2 h6 35. Rc1 Qb7 36. f3 Qb6+ 37. Kh2 c6 38. Qc3 Nc4 39. a4 c5 40. Ba3 Nxa3
41. Qxa3 c4 42. a5 Qa6 43. Qc5 Rb7 44. Rd1 1/2-1/2

[Event "DVM U14w 2013"]
[Site "Oberbernhards-Hilders GER"]
[Date "2013.12.27"]
[Round "2"]
[White "Henke, Hanna"]
[Black "Flach, Helene"]
[Result "0-1"]
[Termination "normal"]
[Board "7.3"]
[WhiteElo "1178"]
[BlackElo "1323"]
[WhiteTeam "Karlsruher SF 1853"]
[BlackTeam "SK Langen"]
[WhiteFideId "12964441"]
[BlackFideId "12929735"]
[EventCountry "GER"]
[EventRounds "7"]
[EventType "team-swiss"]
[EventDate "2013.12.26"]

1. e4 e5 2. Nf3 Nc6 3. Bc4 Bc5 4. d3 Nf6 5. Bg5 h6 6. Be3 d6 7. c3 Bb6 8. Nbd2
Be6 9. Qe2 Qd7 10. O-O-O O-O-O 11. Kb1 Rhe8 12. d4 exd4 13. cxd4 Bxc4 14. Qxc4
Nxe4 15. Nxe4 Rxe4 16. Qc2 d5 17. Qc3 f6 18. Nd2 Rg4 19. Nb3 Rxg2 20. Nc5 Qe6
21. h3 Na5 22. Rhg1 Rxg1 23. Rxg1 g5 24. b3 f5 25. Na4 Re8 26. Nxb6+ Qxb6 27.
Rc1 Nc4 28. Ka1 Nxe3 29. fxe3 c6 30. Qd3 Re4 31. Rf1 Qb4 32. Kb2 Qf8 33. a3 Qf6
34. Rd1 Qe6 35. Re1 f4 36. Kc2 Rxe3 37. Rxe3 fxe3 38. Qe2 Qe4+ 39. Qd3 Qg2+ 40.
Kd1 Qxh3 41. Ke2 Qg2+ 42. Kxe3 Qg3+ 43. Ke2 Qxd3+ 44. Kxd3 h5 45. Ke3 Kd7 46.
b4 Ke6 47. Kf3 Kf5 48. a4 a6 49. a5 h4 50. Kf2 Kf4 51. Kg2 g4 52. Kf2 h3 53.
Kg1 Kf3 54. Kh2 g3+ 55. Kg1 h2+ 56. Kh1 g2+ 57. Kxh2 Kf2 58. Kh3 g1=Q 59. Kh4
Kf3 60. Kh5 Kf4 61. Kh6 Kf5 62. Kh7 Kf6 63. b5 Qg7# 0-1

[Event "DVM U14w 2013"]
[Site "Oberbernhards-Hilders GER"]
[Date "2013.12.27"]
[Round "2"]
[White "Baratonlieva, Elvana"]
[Black "Shevchenko, Alyona"]
[Result "1-0"]
[Termination "normal"]
[Board "7.4"]
[WhiteElo "1030"]
[BlackElo "739"]
[WhiteTeam "SK Langen"]
[BlackTeam "Karlsruher SF 1853"]
[WhiteFideId "12964751"]
[BlackFideId "12983420"]
[EventCountry "GER"]
[EventRounds "7"]
[EventType "team-swiss"]
[EventDate "2013.12.26"]

1. d4 d5 2. g3 Nc6 3. Nc3 Nf6 4. e3 Bg4 5. Qd2 e6 6. Bg2 e5 7. dxe5 Nxe5 8.
Nxd5 Nxd5 9. Bxd5 c6 10. Bg2 Qxd2+ 11. Bxd2 Bf5 12. c3 Nd3+ 13. Ke2 Be7 14. e4
Bd7 15. Kxd3 Bc5 16. Ke2 O-O 17. Kf1 f5 18. b4 Bd6 19. Bh3 g6 20. Bh6 Rf7 21.
Rd1 Rf6 22. e5 Re6 23. exd6 Re5 24. Nf3 Re6 25. Ng5 Ree8 26. Kg2 c5 27. bxc5
Bc6+ 28. f3 Re2+ 29. Kf1 Rxa2 30. d7 Rd8 31. Ne6 Bb5+ 32. Kg1 Rxd7 33. Nd4 Ba6
34. Bd2 Ra5 35. Kg2 Rxc5 36. Rhe1 Rc8 37. g4 Rdd8 38. gxf5 Re8 39. fxg6 Rcd8
40. Bh6 hxg6 41. Ne6 Rc8 42. Ng5 Rxc3 43. Rxe8# 1-0

[Event "DVM U14w 2013"]
[Site "Oberbernhards-Hilders GER"]
[Date "2013.12.27"]
[Round "2"]
[White "Reyher, Susan"]
[Black "Voß, Henrike"]
[Result "1-0"]
[Termination "normal"]
[Board "8.1"]
[WhiteElo "1462"]
[BlackElo "1244"]
[WhiteTeam "SV "Glück auf" Rüdersdorf"]
[BlackTeam "SC Schachelschweine"]
[WhiteFideId "24686107"]
[BlackFideId "12971910"]
[EventCountry "GER"]
[EventRounds "7"]
[EventType "team-swiss"]
[EventDate "2013.12.26"]

1. e4 e5 2. Nf3 Nc6 3. Bc4 Bc5 4. c3 Nf6 5. d4 exd4 6. cxd4 Bb4+ 7. Bd2 Bxd2+
8. Nbxd2 d6 9. O-O O-O 10. Re1 Be6 11. d5 Bxd5 12. exd5 Ne7 13. Ne4 Nxe4 14.
Rxe4 c6 15. dxc6 d5 16. Rd4 bxc6 17. Bb3 Qd6 18. Rd3 Rad8 19. Qd2 c5 20. Rd1
Qb6 21. Bxd5 Nxd5 22. Rxd5 Rxd5 23. Qxd5 Qxb2 24. Qxc5 Qxa2 25. Qd5 Qc2 26. Qd3
Qc7 27. Ng5 g6 28. Qh3 h5 29. Qe3 Rc8 30. Ne4 Kg7 31. Qd4+ Kh6 32. Nd6 Rb8 33.
Qf4+ Kh7 34. Qxf7+ Qxf7 35. Nxf7 Rb7 36. Ne5 Re7 37. Rd7 Rxd7 38. Nxd7 a5 39.
Nc5 Kg7 40. Kf1 Kf7 41. Ke2 Ke7 42. Kd3 Kd6 43. Kd4 Kc6 44. h3 Kb5 45. g4 a4
46. Nxa4 1-0

[Event "DVM U14w 2013"]
[Site "Oberbernhards-Hilders GER"]
[Date "2013.12.27"]
[Round "2"]
[White "Christiansen, Anna"]
[Black "Schmid, Katharina"]
[Result "0-1"]
[Termination "normal"]
[Board "8.2"]
[WhiteElo "1094"]
[BlackElo "1349"]
[WhiteTeam "SC Schachelschweine"]
[BlackTeam "SV "Glück auf" Rüdersdorf"]
[WhiteFideId "12952230"]
[BlackFideId "12918210"]
[EventCountry "GER"]
[EventRounds "7"]
[EventType "team-swiss"]
[EventDate "2013.12.26"]

1. e4 e5 2. Nf3 Nc6 3. Bc4 Nf6 4. d3 Bc5 5. Nc3 h6 6. Be3 Bb6 7. O-O O-O 8. Nh4
Nxe4 9. Nf5 Nxc3 10. bxc3 d5 11. Nxh6+ gxh6 12. Bb5 Qh4 13. Qd2 Kh7 14. d4 Rg8
15. g3 Bh3 16. Rfe1 f5 17. dxe5 Nxe5 18. Be2 Qe4 19. f3 Bxe3+ 0-1

[Event "DVM U14w 2013"]
[Site "Oberbernhards-Hilders GER"]
[Date "2013.12.27"]
[Round "2"]
[White "Bießlich, Susan"]
[Black "Truong, Lisa"]
[Result "1-0"]
[Termination "normal"]
[Board "8.3"]
[WhiteElo "1221"]
[BlackElo "1017"]
[WhiteTeam "SV "Glück auf" Rüdersdorf"]
[BlackTeam "SC Schachelschweine"]
[WhiteFideId "12983349"]
[BlackFideId "12983462"]
[EventCountry "GER"]
[EventRounds "7"]
[EventType "team-swiss"]
[EventDate "2013.12.26"]

1. e4 e5 2. Nf3 Nc6 3. Nc3 Nf6 4. d4 exd4 5. Nxd4 Bc5 6. Be3 O-O 7. Nxc6 dxc6
8. Bxc5 Qxd1+ 9. Rxd1 Re8 10. f3 b6 11. Bd4 Nd7 12. Be2 Ne5 13. O-O Ng6 14. f4
Rd8 15. f5 Ne7 16. Be5 Rd7 17. Bxc7 h6 18. Rxd7 Bxd7 19. Rd1 Be8 20. Ba6 c5 21.
Bb7 Bc6 22. Bxa8 Bxa8 23. Rd8+ Kh7 24. Rxa8 Nc6 25. Nb5 Nb4 26. Rxa7 Nxc2 27.
Bxb6 1-0

[Event "DVM U14w 2013"]
[Site "Oberbernhards-Hilders GER"]
[Date "2013.12.27"]
[Round "2"]
[White "Christiansen, Sarah"]
[Black "Schlimme, Johanna"]
[Result "1-0"]
[Termination "normal"]
[Board "8.4"]
[WhiteElo "1085"]
[BlackElo "877"]
[WhiteTeam "SC Schachelschweine"]
[BlackTeam "SV "Glück auf" Rüdersdorf"]
[WhiteFideId "12971936"]
[EventCountry "GER"]
[EventRounds "7"]
[EventType "team-swiss"]
[EventDate "2013.12.26"]

1. e4 e5 2. Nf3 Nc6 3. Bc4 Nf6 4. d3 h6 5. Be3 Be7 6. O-O O-O 7. Nbd2 d5 8.
exd5 Nxd5 9. Bxd5 Qxd5 10. c4 Qd8 11. Nb3 Bg4 12. h3 Bf5 13. d4 e4 14. Ne5 Nxe5
15. dxe5 Re8 16. Qe2 Bg5 17. Rad1 Qe7 18. Bc1 Bxc1 19. Rxc1 Qxe5 20. Rfe1 Rad8
21. Rc3 Rd6 22. f3 exf3 23. Qxe5 Rxe5 24. Rxe5 Bb1 25. Rxf3 Bxa2 26. Rd5 Rb6
27. Rb5 Rxb5 28. cxb5 b6 29. Nd4 c5 30. bxc6 Bc4 31. c7 Ba6 32. Ra3 Bc8 33.
Rxa7 Kf8 34. Ra8 Ke7 35. Rxc8 Kd7 36. Ra8 Kxc7 37. b4 Kb7 38. Re8 Ka6 39. Re7
b5 40. Rxf7 g6 41. Rf6+ Kb7 42. Nxb5 Kc8 43. Rf7 Kb8 44. Nd4 Kc8 45. b5 h5 46.
Nc6 h4 47. b6 g5 48. b7# 1-0

[Event "DVM U14w 2013"]
[Site "Oberbernhards-Hilders GER"]
[Date "2013.12.27"]
[Round "2"]
[White "Rösler, Hannah Clara"]
[Black "Walker, Julia"]
[Result "0-1"]
[Termination "normal"]
[Board "9.1"]
[WhiteElo "879"]
[BlackElo "1545"]
[WhiteTeam "SK Bebenhausen 1992"]
[BlackTeam "SG Porz"]
[WhiteFideId "12983500"]
[BlackFideId "1271852"]
[EventCountry "GER"]
[EventRounds "7"]
[EventType "team-swiss"]
[EventDate "2013.12.26"]

1. e4 e5 2. Nf3 Nc6 3. Bc4 Bc5 4. b4 Bxb4 5. c3 Ba5 6. d4 exd4 7. O-O Nf6 8.
cxd4 d5 9. Bb3 Nxe4 10. Ba3 Bg4 11. Qd3 Bxf3 12. Qxf3 Nxd4 13. Qd3 Nxb3 14.
Qxb3 b6 15. Rd1 c6 16. Qa4 Qd7 17. Qxe4+ dxe4 18. Rxd7 Kxd7 19. g3 c5 20. Bb2
f6 21. Na3 Kc6 22. Rc1 b5 23. Bd4 c4 24. Kg2 Rhd8 25. Be3 Rd3 26. Nc2 Kd5 27.
f3 Bd2 28. fxe4+ Kxe4 29. Bxd2 Rxd2+ 30. Kh3 Rad8 31. Re1+ Kf5 32. Rf1+ Kg6 33.
Nb4 c3 34. Rc1 Rc8 35. Kg4 Rd4+ 36. Kh3 Rxb4 37. a3 Rb2 38. Ra1 c2 39. Rc1 Rb1
40. Rxb1 cxb1=Q 41. a4 Qf1+ 42. Kh4 Rc4+ 43. g4 Qf4 44. h3 Qf2# 0-1

[Event "DVM U14w 2013"]
[Site "Oberbernhards-Hilders GER"]
[Date "2013.12.27"]
[Round "2"]
[White "Sewald, Kathrin"]
[Black "Dobryden, Arina Sergeevna"]
[Result "1-0"]
[Termination "normal"]
[Board "9.2"]
[WhiteElo "1552"]
[BlackElo "800"]
[WhiteTeam "SG Porz"]
[BlackTeam "SK Bebenhausen 1992"]
[WhiteFideId "12964557"]
[BlackFideId "12983527"]
[EventCountry "GER"]
[EventRounds "7"]
[EventType "team-swiss"]
[EventDate "2013.12.26"]

1. e4 e5 2. Nf3 Nc6 3. Bc4 Bc5 4. c3 Nf6 5. d3 d6 6. h3 Bd7 7. O-O O-O 8. Re1
Re8 9. Ng5 Be6 10. Nxe6 fxe6 11. Bg5 h6 12. Bh4 d5 13. exd5 exd5 14. Bxf6 gxf6
15. Bb3 f5 16. Qh5 Ne7 17. Nd2 e4 18. dxe4 fxe4 19. Nxe4 Bb6 20. Nf6+ Kh8 21.
Qxh6# 1-0

[Event "DVM U14w 2013"]
[Site "Oberbernhards-Hilders GER"]
[Date "2013.12.27"]
[Round "2"]
[White "Hanser, Amelie"]
[Black "Maier, Nicole"]
[Result "0-1"]
[Termination "normal"]
[Board "9.3"]
[WhiteElo "800"]
[BlackElo "1028"]
[WhiteTeam "SK Bebenhausen 1992"]
[BlackTeam "SG Porz"]
[WhiteFideId "12983535"]
[BlackFideId "12964573"]
[EventCountry "GER"]
[EventRounds "7"]
[EventType "team-swiss"]
[EventDate "2013.12.26"]

1. e4 e5 2. Nf3 Nc6 3. Bc4 Bc5 4. Nc3 Nf6 5. O-O d6 6. Ng5 O-O 7. d3 h6 8. Nf3
Bg4 9. h3 Bh5 10. Bd5 Nxd5 11. Nxd5 Nd4 12. Be3 Bxf3 13. Qe1 Bh5 14. Qa5 b6 15.
Qc3 c6 16. Nb4 a5 17. Nxc6 Nxc6 18. g4 Bg6 19. Qd2 Nd4 20. Kh1 Qh4 21. Rg1
Qxh3# 0-1

[Event "DVM U14w 2013"]
[Site "Oberbernhards-Hilders GER"]
[Date "2013.12.27"]
[Round "2"]
[White "Sadewasser, Lucie"]
[Black "Schneider, Xenia"]
[Result "1-0"]
[Termination "normal"]
[Board "10.1"]
[WhiteElo "1542"]
[BlackElo "1002"]
[WhiteTeam "TSG Gadebusch"]
[BlackTeam "SK Endingen"]
[WhiteFideId "12905445"]
[BlackFideId "12911984"]
[EventCountry "GER"]
[EventRounds "7"]
[EventType "team-swiss"]
[EventDate "2013.12.26"]

1. e4 c5 2. Nc3 e6 3. f4 d6 4. Nf3 Nc6 5. d3 Be7 6. g3 Nf6 7. Bg2 Bd7 8. Bd2
O-O 9. h3 Qb6 10. Qc1 Qc7 11. g4 h6 12. Ne2 e5 13. f5 Nh7 14. h4 Nf6 15. g5
hxg5 16. hxg5 Ng4 17. Bh3 Nf6 18. gxf6 Bxf6 19. Bg4 Be7 20. Bh6 Rfc8 21. Bxg7
f6 22. Rh8+ Kf7 23. Bh5+ Kxg7 24. Qh6# 1-0

[Event "DVM U14w 2013"]
[Site "Oberbernhards-Hilders GER"]
[Date "2013.12.27"]
[Round "2"]
[White "Wagner, Lena"]
[Black "Dorendorf, Lena"]
[Result "0-1"]
[Termination "normal"]
[Board "10.2"]
[WhiteElo "883"]
[BlackElo "1160"]
[WhiteTeam "SK Endingen"]
[BlackTeam "TSG Gadebusch"]
[WhiteFideId "12983470"]
[BlackFideId "12983373"]
[EventCountry "GER"]
[EventRounds "7"]
[EventType "team-swiss"]
[EventDate "2013.12.26"]

1. e4 e5 2. Nf3 Nc6 3. Bc4 Nf6 4. d3 Bc5 5. Bg5 d6 6. h3 h6 7. Bh4 Be6 8. Bb3
d5 9. c3 dxe4 10. dxe4 Qxd1+ 11. Bxd1 Nxe4 12. O-O Nf6 13. Ba4 e4 14. Ne5 Bd7
15. Rd1 Nxe5 16. Bxd7+ Nfxd7 17. Nd2 Nf6 18. Nb3 Nd3 19. Kf1 Be7 20. Nd4 Nxb2
21. Rd2 Nc4 22. Re2 Bc5 23. Nb5 Rc8 24. Rd1 a6 25. Bxf6 e3 26. Nxc7+ Kf8 27.
Nd5 gxf6 28. Nxf6 Kg7 29. Nh5+ Kh7 30. Rd7 Rhf8 31. Re1 Rc6 32. f3 Rd6 33. Rc7
b6 34. Ng3 Rd2 35. Ne4 Rxa2 36. Nxc5 bxc5 37. Rxc5 Rf2+ 38. Kg1 Nd6 39. Rxe3
Rd2 40. Kf1 Rb8 41. Kg1 Rbb2 42. Rce5 Nc4 43. R5e4 Nxe3 44. Rxe3 Rxg2+ 45. Kf1
Rh2 46. Kg1 Rxh3 47. c4 a5 48. c5 Rb8 49. c6 Rg8+ 50. Kf2 Rc8 51. Rc3 Rh5 52.
Kg3 Rg5+ 53. Kf4 Rg6 54. Ke5 Rgxc6 55. Rxc6 Rxc6 56. Kd5 Rc1 57. Kd4 a4 58. Kd3
a3 59. Kd2 Rb1 60. Kc2 a2 61. f4 a1=Q 62. f5 Rh1 63. f6 Rh3 64. Kd2 Qa2+ 65.
Kc1 Rh1# 0-1

[Event "DVM U14w 2013"]
[Site "Oberbernhards-Hilders GER"]
[Date "2013.12.27"]
[Round "2"]
[White "Lübbert, Charline"]
[Black "Wagner, Anna"]
[Result "1-0"]
[Termination "normal"]
[Board "10.3"]
[WhiteElo "1166"]
[BlackElo "866"]
[WhiteTeam "TSG Gadebusch"]
[BlackTeam "SK Endingen"]
[WhiteFideId "12983381"]
[BlackFideId "12983489"]
[EventCountry "GER"]
[EventRounds "7"]
[EventType "team-swiss"]
[EventDate "2013.12.26"]

1. e4 e5 2. Nf3 Nc6 3. Nc3 Nf6 4. Bc4 Bc5 5. d3 d6 6. Be3 Bg4 7. h3 Bh5 8. g4
Bg6 9. Ng5 O-O 10. Nf3 h6 11. Nd5 Nxd5 12. Bxd5 Bb4+ 13. c3 Bc5 14. Qc2 Bxe3
15. fxe3 h5 16. O-O-O hxg4 17. hxg4 Ne7 18. Qh2 Bh5 19. Qxh5 Ng6 20. Qh7# 1-0

[Event "DVM U14w 2013"]
[Site "Oberbernhards-Hilders GER"]
[Date "2013.12.27"]
[Round "2"]
[White "Reinbold, Sorah Marie"]
[Black "Albrecht, Marie"]
[Result "1-0"]
[Termination "normal"]
[Board "10.4"]
[WhiteElo "754"]
[BlackElo "850"]
[WhiteTeam "SK Endingen"]
[BlackTeam "TSG Gadebusch"]
[WhiteFideId "12983497"]
[BlackFideId "12983390"]
[EventCountry "GER"]
[EventRounds "7"]
[EventType "team-swiss"]
[EventDate "2013.12.26"]

1. e4 e5 2. Nf3 Nc6 3. Bc4 Nf6 4. Ng5 d5 5. Bb5 Nxe4 6. Nxe4 dxe4 7. O-O Bc5 8.
Re1 Qf6 9. Bxc6+ bxc6 10. Rf1 Ba6 11. d3 exd3 12. cxd3 O-O 13. Nc3 Rad8 14. Ne4
Qe7 15. Nxc5 Qxc5 16. Qg4 Bxd3 17. Bh6 g6 18. Rfd1 Rfe8 19. Qf3 f5 20. Rxd3 e4
21. Rc3 Qd4 22. Qf4 Rd7 23. h3 a5 24. Rxc6 e3 25. fxe3 Qxb2 26. Rac1 Rc8 27.
Rxc7 Rcxc7 28. Rxc7 Rxc7 29. Qxc7 a4 30. Qc4+ Kh8 31. Qc8# 1-0